Songs By Galantis - Statistics

General Stats
  • This quiz has been taken 29 times
    5 since last reset
  • The average score is 22 of 40
Answer Stats
Album Chart Position Has A Music Video? Answer % Correct
Pharmacy #9 (Hot Dance/Electronic Music Charts) Yes Runaway (U&I)
100%
Pharmacy Didn't Chart No Call If You Need Me
75%
Pharmacy Didn't Chart No Dancing To The Sound Of A Broken Heart
75%
Pharmacy Didn't Chart No Forever Tonight
75%
Pharmacy #26 (Hot Dance/Electronic Music Charts) Yes Gold Dust
75%
Galantis E.P. Didn't Chart Yes Help
75%
The Aviary #88 (Billboard Hot 100) Yes No Money
75%
Pharmacy #18 (Hot Dance/Electronic Music Charts) Yes Peanut Butter Jelly
75%
Galantis E.P. Didn't Chart No The Heart That I'm Hearing
75%
Galantis E.P. & Pharmacy #19 (U.S. Bubbling Under Hot 100 Singles) Yes You
75%
Non-Album Single #18 (Hot Dance/Electronic Music Charts) No Bones (feat. OneRepublic)
50%
The Aviary Didn't Chart No Call Me Home
50%
Pharmacy Didn't Chart No Don't Care
50%
Non-Album Single #42 (Hot Dance/Electronic Music Charts) Yes Emoji
50%
Pharmacy Didn't Chart No Firebird (feat. Dragonette)
50%
Galantis E.P. Didn't Chart No Friend (Hard Times)
50%
The Aviary #32 (Hot Dance/Electronic Music Charts) Yes Girls on Boys (feat. ROZES)
50%
The Aviary Didn't Chart No Hello
50%
The Aviary Didn't Chart No Hey Alligator
50%
The Aviary #21 (Hot Dance/Electronic Music Charts) Yes Hunter
50%
Pharmacy Didn't Chart Yes In My Head
50%
Pharmacy Didn't Chart No Kill 'Em With The Love
50%
Pharmacy Didn't Chart No Louder, Harder, Better
50%
XOXO #99 (ARIA Singles Chart) Yes Make Me Feel
50%
Non-Album Single #25 (Hot Dance/Electronic Music Charts) Yes Mama Look At Me Now
50%
Raveheart EP Didn't Chart No Raveheart
50%
Galantis E.P. Didn't Chart No Revolution
50%
Non-Album Single #31 (Hot Dance/Electronic Music Charts) Yes Rich Boy
50%
The Aviary Didn't Chart No Salvage (Up All Night) [feat. Poo Bear]
50%
Non-Album Single #37 (Hot Dance/Electronic Music Charts) Yes San Francisco (feat. Sofia Carson)
50%
Non-Album Single #22 (Hot Dance/Electronic Music Charts) Yes Satisfied (feat. MAX)
50%
Galantis E.P. Didn't Chart Yes Smile
50%
Non-Album Single #36 (Hot Dance/Electronic Music Charts) Yes Spaceship
50%
Raveheart EP Didn't Chart No Tank
50%
The Aviary Didn't Chart No Tell Me You Love Me (feat. Throttle)
50%
The Aviary #25 (Hot Dance/Electronic Music Charts) Yes True Feeling
50%
Pharmacy Didn't Chart No Water
50%
The Aviary Didn't Chart No Written in the Scars (feat. Wrabel)
50%
The Aviary #18 (Hot Dance/Electronic Music Charts) Yes Love On Me (feat. Hook 'N' Sling)
25%
The Aviary #19 (Hot Dance/Electronic Music Charts) Yes Pillow Fight
25%
No matching quizzes found
Score Distribution
Percent of People with Each Score
Percentile by Number Answered
Your Score History
You have not taken this quiz since the last reset